Movies by the Photo of the Main Character - Statistics

General Stats
  • This quiz has been taken 12 times
  • The average score is 8 of 16
Answer Stats
Picture Answer % Correct
Avatar
100%
Kill Bill
100%
The Truman Show
100%
Coraline
75%
Jojo Rabbit
67%
Black Swan
58%
Corpse Bride
50%
Donnie Darko
50%
The Greatest Showman
50%
Whiplash
50%
500 Days of Summer
33%
Pearl
25%
10 Things I Hate About You
17%
Bones and All
17%
The Perks of Being a Wallflower
17%
But I'm a Cheerleader
8%
No matching quizzes found
Score Distribution
Percent of People with Each Score
Percentile by Number Answered
Your Score History
You have not taken this quiz